Catálogo
 En Linea

Educación moral y cívica. / (Registro nro. 54737)

Detalles MARC
000 -CABECERA
campo de control de longitud fija 02146nam a2200361 i 4500
003 - IDENTIFICADOR DEL NÚMERO DE CONTROL
campo de control DO-SdBNP
005 - FECHA Y HORA DE LA ÚLTIMA TRANSACCIÓN
campo de control 20260114121206.0
006 - CÓDIGOS DE INFORMACIÓN DE LONGITUD FIJA--CARACTERÍSTICAS DEL MATERIAL ADICIONAL
campo de control de longitud fija a||||gr|||| 00| 0
007 - CAMPO FIJO DE DESCRIPCIÓN FÍSICA--INFORMACIÓN GENERAL
campo de control de longitud fija ta
008 - DATOS DE LONGITUD FIJA--INFORMACIÓN GENERAL
campo de control de longitud fija 230913e19741977|||adb|| |||| 00| 0 spa d
040 ## - FUENTE DE LA CATALOGACIÓN
Centro catalogador/agencia de origen DO-SdBNP
Lengua de catalogación spa
Centro/agencia transcriptor BNPHU
Normas de descripción rda
082 #4 - NÚMERO DE LA CLASIFICACIÓN DECIMAL DEWEY
Número de edición 22
Número de clasificación 370.114
Número de documento/Ítem A445e, 1976
100 1# - ENTRADA PRINCIPAL--NOMBRE DE PERSONA
Nombre de persona Almanzar G., José Nicolás,
Fechas asociadas al nombre 1935-
9 (RLIN) 37769
Término indicativo de función/relación autor
245 10 - MENCIÓN DE TÍTULO
Título Educación moral y cívica. /
Mención de responsabilidad, etc. José Nicolás Almánzar.
250 ## - MENCIÓN DE EDICIÓN
Mención de edición 2a. edición
264 #1 - PRODUCCIÓN, PUBLICACIÓN, DISTRIBUCIÓN, FABRICACIÓN Y COPYRIGHT
Producción, publicación, distribución, fabricación y copyright Santo Domingo :
Nombre del de productor, editor, distribuidor, fabricante Colegial Quisqueyana, S. A. ;
Fecha de producción, publicación, distribución, fabricación o copyright 1977
300 ## - DESCRIPCIÓN FÍSICA
Extensión [XVII], 298 páginas :
Otras características físicas Ilustraciones, gráficas, mapas ;
Dimensiones 20 cm.
336 ## - TIPO DE CONTENIDO
Fuente rdacontent
Término de tipo de contenido texto
Código de tipo de contenido txt
337 ## - TIPO DE MEDIO
Fuente rdamedia
Nombre/término del tipo de medio sin mediación
Código del tipo de medio n
338 ## - TIPO DE SOPORTE
Fuente rdacarrier
Nombre/término del tipo de soporte volumen
Código del tipo de soporte nc
490 ## - MENCIÓN DE SERIE
Mención de serie Pensamiento Dominicano ;
Designación de volumen o secuencia 31
500 ## - NOTA GENERAL
Nota general Declarado como libro de texto por el Consejo Nacional de Educación mediante Resolución no. 175 en mayo de 1975. <br/>Ganó en 1975 el Premio Nacional de didáctica "Manuel de Jesús Peña y Reinoso".
500 ## - NOTA GENERAL
Nota general Incluye datos biográficos en la página [3].
500 ## - NOTA GENERAL
Nota general Incluye bibliografía y notas al pie de páginas/
505 ## - NOTA DE CONTENIDO CON FORMATO
Nota de contenido con formato Bernardo Pichardo, Noticias Biográficas.-- Advertencia.
Información miscelánea Resumen de la Historia de Santo Domingo.
505 ## - NOTA DE CONTENIDO CON FORMATO
Nota de contenido con formato Capítulo I.- Descubrimiento de América por Cristóbal Colón.
Título Capítulo II.- El primer viaje de Colón.-- Capítulo III.- Descubrimiento de nuestra Isla.-- Capítulo IV.- Estado de la Isla en los días de su descubrimiento y costumbres de sus habitantes.-- Capítulo V.- Conquista.-- Capítulo VI.- Viaje de Colón al interior.-- VII.- Alonso de Ojeda y Caonabo.-- VIII.- Regreso del Almirante a España.-- Capítulo IX.- El primer Almirante vuelve de Europa.-- Capítulo X.- Cuarto y último viaje del Almirante.-- Capítulo XI- Estado de la Colonia.-- Capítulo XII.- Gobierno de D. Diego Colón.-- XIII. Sucesos Importantes.-
590 ## - NOTA LOCAL (RLIN)
Nota local Inventariado 2023 / MF
650 #0 - PUNTO DE ACCESO ADICIONAL DE MATERIA--TÉRMINO DE MATERIA
Término de materia o nombre geográfico como elemento de entrada Educación cívica
9 (RLIN) 1206
650 #0 - PUNTO DE ACCESO ADICIONAL DE MATERIA--TÉRMINO DE MATERIA
Término de materia o nombre geográfico como elemento de entrada Educación moral
9 (RLIN) 1607
650 #4 - PUNTO DE ACCESO ADICIONAL DE MATERIA--TÉRMINO DE MATERIA
Término de materia o nombre geográfico como elemento de entrada Himnos patrióticos dominicanos
9 (RLIN) 2512
651 #0 - PUNTO DE ACCESO ADICIONAL DE MATERIA--NOMBRE GEOGRÁFICO
Nombre geográfico República Dominicana
Subdivisión general Política y gobierno
9 (RLIN) 45
942 ## - ELEMENTOS DE PUNTO DE ACCESO ADICIONAL (KOHA)
Fuente del sistema de clasificación o colocación Dewey Decimal Classification
Tipo de ítem Koha Libro
Existencias
Estado de retiro Estado de pérdida Fuente del sistema de clasificación o colocación Restricciones de uso No para préstamo Código de colección Localización permanente Ubicación/localización actual Ubicación en estantería Fecha de adquisición Fuente de adquisición Total de préstamos Signatura topográfica completa Código de barras Fecha visto por última vez Precio válido a partir de Tipo de ítem Koha
    Dewey Decimal Classification Excluido de préstamo   Patrimonio Dominicano Biblioteca Nacional Pedro Henríquez Ureña Biblioteca Nacional Pedro Henríquez Ureña En catalogación 13.12.2014 Donado por Barbara Suncar   BNPHU PD 370.114 A445e, 1976 2023-5850 13.09.2023 13.09.2023 Libro

Con tecnología Koha